60's Band (or singer) by Picture - Statistics

General Stats
  • This quiz has been taken 60 times
  • The average score is 9 of 16
Answer Stats
Picture Answer % Correct
The Beach Boys
98%
The Beatles
96%
Elvis Presley
95%
The Rolling Stones
89%
Bob Dylan
82%
The Doors
82%
The Animals
75%
The Kinks
60%
Nancy Sinatra
58%
Chubby Checker
40%
Donovan
35%
Dion
22%
Gordon Lightfoot
22%
Jan & Dean
22%
The Zombies
22%
The Coasters
9%
No matching quizzes found
Score Distribution
Percent of People with Each Score
Percentile by Number Answered
Your Score History
You have not taken this quiz